The Oxford Thesaurus : an A - Z dictionary of synonyms

Bibliographic Details
Main Author: Urdang, Laurence (Author)
Format: Book
Language:English
Published: Oxford : Clarendon Press 1991
Subjects:

MARC

LEADER 00000cam a2200000 7i4500
001 0000000716
005 20240912.0
008 231110 enk eng
020 |a 0198691513 (hbk) 
040 |a INS   |b eng   |e rda 
090 0 0 |a RPE1571   |b .U73 1991 
100 1 |a Urdang, Laurence ,   |e author 
245 1 4 |a The Oxford Thesaurus :   |b an A - Z dictionary of synonyms   |c by Laurence Urdang 
246 3 0 |a Oxford Thesaurus   |b a dictionary of synonyms   |b easy to use and comprehensive 
264 1 |a Oxford :   |b Clarendon Press   |c 1991 
300 |a xii, 1042 pages ;   |c 24 cm. 
336 |a text  |2 rdacontent 
337 |a unmediated  |2 rdamedia 
338 |a volume  |2 rdacarrier 
650 0 |a English language   |x Synonyms and antonyms 
999 |a 0000006583   |b BOOK   |c Red Spot   |e Default branch